[Event "Novi Sad chess winter "]
[Site "Novi Sad"]
[Date "2014.01.11"]
[Round "3.13"]
[White "Ljubisavljevic, Zivojin Z"]
[Black "Vukovic, Cvetko"]
[Result "1/2-1/2"]
[WhiteElo "2179"]
[BlackElo "1801"]
[PlyCount "120"]
[EventDate "2014.01.10"]

1. e4 e5 2. Nf3 Nc6 3. Nc3 Bc5 4. Na4 Be7 5. d4 d6 6. dxe5 dxe5 7. Qxd8+ Bxd8
8. Bb5 f6 9. Bxc6+ bxc6 10. Be3 Ne7 11. O-O-O Bg4 12. h3 Bh5 13. Nc5 Bf7 14.
Nd2 Nc8 15. Ndb3 a5 16. Nb7 Be7 17. N7xa5 Bxb3 18. Nxb3 Rxa2 19. Kb1 Ra4 20. f3
Nd6 21. Nc5 Rb4 22. Nd3 Rb5 23. b3 Kf7 24. Kc1 Ra8 25. Kd2 Rba5 26. Ke2 Nb5 27.
Kf2 Ra2 28. Rd2 Nc3 29. Bc5 Rb8 30. Bxe7 Kxe7 31. Ke3 Rb5 32. Nf2 Rc5 33. Nd3
Rb5 34. Nf2 Rc5 35. Rc1 Nb5 36. c4 Ra6 37. Rd3 Nd4 38. b4 Ra2 39. Rd2 Rxd2 40.
Kxd2 Nb3+ 41. Kc3 Rxc4+ 42. Kxc4 Nxc1 43. Ng4 Ne2 44. Ne3 g6 45. h4 Kd6 46. Kd3
Nd4 47. f4 Ne6 48. Nc4+ Ke7 49. fxe5 Nf4+ 50. Kd4 fxe5+ 51. Nxe5 Nxg2 52. Kc5
Ke6 53. Nf3 Kd7 54. Ng5 h6 55. Nf7 Nxh4 56. Nxh6 Nf3 57. Ng4 g5 58. e5 Ke6 59.
Kxc6 Nxe5+ 60. Nxe5 Kxe5 1/2-1/2

[Event "Novi Sad chess winter "]
[Site "Novi Sad"]
[Date "2014.01.11"]
[Round "3.14"]
[White "Simeunovic, Predrag"]
[Black "Putnik, Milan"]
[Result "1-0"]
[WhiteElo "2135"]
[BlackElo "1750"]
[PlyCount "33"]
[EventDate "2014.01.10"]

1. Nf3 d5 2. g3 Nf6 3. Bg2 c6 4. O-O e6 5. d3 Be7 6. Nbd2 O-O 7. e4 Qb6 8. e5
Nfd7 9. Re1 c5 10. c4 f6 11. cxd5 fxe5 12. Nc4 Qd8 13. dxe6 Nb6 14. Nfxe5 Na6
15. Nf7 Qd4 16. Be3 Qf6 17. Bg5 1-0

[Event "Novi Sad chess winter "]
[Site "Novi Sad"]
[Date "2014.01.11"]
[Round "3.15"]
[White "Babic, Radoslav"]
[Black "Ratic, Zoran"]
[Result "1-0"]
[WhiteElo "2188"]
[BlackElo "1938"]
[PlyCount "83"]
[EventDate "2014.01.10"]

1. d4 Nf6 2. Nf3 g6 3. g3 Bg7 4. Bg2 d6 5. O-O O-O 6. c4 c6 7. Nc3 Nbd7 8. e4
e5 9. d5 Nc5 10. Ne1 cxd5 11. exd5 Ne8 12. Be3 b6 13. Qd2 f5 14. Nc2 a5 15. b4
axb4 16. Nxb4 Ba6 17. Nc6 Qc7 18. Nb5 Bxb5 19. cxb5 Nf6 20. Bxc5 bxc5 21. a4
Qb6 22. Rfb1 e4 23. a5 Qb7 24. b6 Nd7 25. Ra2 c4 26. Bf1 c3 27. Qc2 Nc5 28. a6
Nxa6 29. Rxa6 Rxa6 30. Bxa6 Qxa6 31. b7 Qd3 32. Rc1 Qb5 33. Qb1 Qxb1 34. Rxb1
g5 35. Ne7+ Kf7 36. Nc8 Be5 37. b8=Q Kg6 38. Ne7+ Kf7 39. Qc7 f4 40. Nc6+ Kf6
41. Nxe5 Kxe5 42. Qe7+ 1-0

[Event "Novi Sad chess winter "]
[Site "Novi Sad"]
[Date "2014.01.11"]
[Round "3.16"]
[White "Jevtic, Miroljub"]
[Black "Cengija, Vanja"]
[Result "0-1"]
[WhiteElo "2073"]
[BlackElo "2255"]
[PlyCount "44"]
[EventDate "2014.01.10"]

1. d4 d5 2. Nf3 Nf6 3. c4 dxc4 4. Nc3 a6 5. a4 Nc6 6. e3 Na5 7. Ne5 Be6 8. Ra3
g6 9. e4 c6 10. Be3 Bg7 11. h4 h5 12. Qc2 b5 13. Ra1 O-O 14. Rd1 b4 15. Ne2 c3
16. d5 cxd5 17. Nf4 Nxe4 18. Nxe6 fxe6 19. Nxg6 b3 20. Qe2 c2 21. Rd3 Nc4 22.
Nxf8 Qa5+ 0-1

[Event "Novi Sad chess winter "]
[Site "Novi Sad"]
[Date "2014.01.12"]
[Round "4.1"]
[White "Trajkovic, Aleksandar"]
[Black "Simovic, Zarko"]
[Result "1/2-1/2"]
[WhiteElo "2197"]
[BlackElo "1946"]
[PlyCount "133"]
[EventDate "2014.01.10"]

1. c4 Nf6 2. Nf3 g6 3. Nc3 Bg7 4. e4 d6 5. d4 O-O 6. Be2 e5 7. dxe5 dxe5 8.
Qxd8 Rxd8 9. Bg5 Re8 10. O-O-O c6 11. Nxe5 Rxe5 12. Rd8+ Re8 13. Bxf6 Rxd8 14.
Bxd8 Be6 15. Rd1 Nd7 16. Bc7 Rc8 17. Bd6 Ne5 18. c5 b5 19. f4 Nc4 20. Bxc4 Bxc4
21. e5 f5 22. Kc2 Kf7 23. b3 Be6 24. Rd4 a5 25. g3 Rd8 26. Rd1 Rc8 27. Ne2 Bd5
28. Rd4 Be6 29. Kd2 Bd5 30. Nc3 Be6 31. Ke3 h5 32. h3 Bh6 33. Ne2 Bg7 34. Ng1
Bh6 35. Rd2 Ra8 36. Rd4 Rc8 37. Nf3 Ke8 38. Rd2 Kf7 39. Nd4 Bg7 40. Nxe6 Kxe6
41. g4 hxg4 42. hxg4 Rh8 43. gxf5+ Kxf5 44. Rf2 Rh3+ 45. Ke2 Bh6 46. Bc7 a4 47.
bxa4 bxa4 48. Kf1 Re3 49. Bd6 Re4 50. Rh2 Bxf4 51. Rh8 Bxe5 52. Rf8+ Ke6 53.
Rg8 Bxd6 54. Rxg6+ Kd7 55. Rxd6+ Kc7 56. Rd3 Rc4 57. Ra3 Kb7 58. Ke2 Ka6 59.
Kd3 Kb5 60. Rc3 Rxc3+ 61. Kxc3 Kxc5 62. a3 Kd5 63. Kd3 c5 64. Kc3 c4 65. Kc2
Kd4 66. Kd2 c3+ 67. Kc1 1/2-1/2

[Event "Novi Sad chess winter "]
[Site "Novi Sad"]
[Date "2014.01.12"]
[Round "4.2"]
[White "Drazic, Sinisa"]
[Black "Yagupov, Igor"]
[Result "1/2-1/2"]
[WhiteElo "2421"]
[BlackElo "2388"]
[PlyCount "26"]
[EventDate "2014.01.10"]

1. d4 d5 2. c4 c6 3. Nc3 Nf6 4. cxd5 cxd5 5. Bf4 Nc6 6. e3 a6 7. Bd3 Bg4 8.
Nge2 e6 9. Qb3 Na5 10. Qa4+ Nc6 11. Qb3 Na5 12. Qa4+ Nc6 13. Qb3 Na5 1/2-1/2

[Event "Novi Sad chess winter "]
[Site "Novi Sad"]
[Date "2014.01.12"]
[Round "4.3"]
[White "Elez, Nikola"]
[Black "Marjanovic, Zoran L"]
[Result "1-0"]
[WhiteElo "2227"]
[BlackElo "1795"]
[PlyCount "85"]
[EventDate "2014.01.10"]

1. e4 e5 2. Nf3 Nc6 3. Bc4 Nf6 4. d3 h6 5. c3 Be7 6. Bb3 d5 7. Nbd2 Be6 8. O-O
O-O 9. Re1 dxe4 10. dxe4 Bxb3 11. Qxb3 Rb8 12. Nc4 Bd6 13. Qc2 Qe7 14. a4 a6
15. a5 Qe6 16. b3 Bc5 17. Be3 Bxe3 18. Nxe3 g6 19. Nd2 Rbd8 20. b4 Rd7 21. f3
Kg7 22. Nb3 Rdd8 23. Nc5 Qc8 24. Qa4 Nd7 25. Nxa6 Nxa5 26. Qxa5 bxa6 27. Qxa6
Qxa6 28. Rxa6 Nb8 29. Ra7 c6 30. Kf2 Rd3 31. Ra3 Rfd8 32. Nc4 Kf6 33. Rc1 h5
34. Ke2 Ke6 35. Rc2 f6 36. Rd2 Rxd2+ 37. Nxd2 g5 38. Nc4 h4 39. Ra7 Rc8 40. Nb6
Rd8 41. Nc4 Rc8 42. Ra8 Rd8 43. Na5 1-0

[Event "Novi Sad chess winter "]
[Site "Novi Sad"]
[Date "2014.01.12"]
[Round "4.4"]
[White "Lukovic, Vladimir"]
[Black "Dostan, Janos"]
[Result "1/2-1/2"]
[WhiteElo "2396"]
[BlackElo "2210"]
[PlyCount "102"]
[EventDate "2014.01.10"]

1. e4 e5 2. Nf3 Qe7 3. Nc3 c6 4. Bc4 g6 5. O-O Nh6 6. d4 d6 7. a4 f6 8. Ne1 Bg7
9. Ne2 Be6 10. d5 Bc8 11. f4 c5 12. Bb5+ Nd7 13. fxe5 fxe5 14. Nc3 Nf7 15. Be3
O-O 16. Be2 Nf6 17. h3 Bh6 18. Qd2 Kg7 19. Nd3 Bd7 20. Bxh6+ Nxh6 21. Rfb1 Rf7
22. a5 Raf8 23. Qe3 a6 24. b4 cxb4 25. Rxb4 Bc8 26. Na4 Nf5 27. exf5 Nxd5 28.
Qg3 e4 29. fxg6 hxg6 30. Nb6 exd3 31. Nxd5 Qxe2 32. cxd3 Rf1+ 33. Rxf1 Rxf1+
34. Kh2 Qd1 35. Qe3 Rh1+ 36. Kg3 Qe1+ 37. Qxe1 Rxe1 38. Re4 Ra1 39. Re7+ Kh6
40. Nf6 g5 41. Rc7 Bf5 42. Rxb7 Rxa5 43. Rb6 Ra3 44. Rxd6 Rxd3+ 45. Rxd3 Bxd3
46. Ng4+ Kg7 47. Kf3 a5 48. Ne5 Bb5 49. Ke3 Bf1 50. Nf3 Bxg2 51. Nxg5 Bxh3
1/2-1/2

[Event "Novi Sad chess winter "]
[Site "Novi Sad"]
[Date "2014.01.12"]
[Round "4.6"]
[White "Simeunovic, Predrag"]
[Black "Lukajic, Bojan"]
[Result "1/2-1/2"]
[WhiteElo "2135"]
[BlackElo "2200"]
[PlyCount "31"]
[EventDate "2014.01.10"]

1. d4 Nf6 2. Nf3 g6 3. g3 Bg7 4. Bg2 O-O 5. O-O d6 6. Re1 c5 7. dxc5 dxc5 8.
Qxd8 Rxd8 9. e4 Nc6 10. Na3 Bg4 11. h3 Bxf3 12. Bxf3 Rd7 13. e5 Nd5 14. e6 fxe6
15. Rxe6 Rf8 16. Be4 1/2-1/2

[Event "Novi Sad chess winter "]
[Site "Novi Sad"]
[Date "2014.01.12"]
[Round "4.7"]
[White "Vlaovic, Djordje"]
[Black "Jakovljevic, Zoran N"]
[Result "0-1"]
[WhiteElo "2132"]
[BlackElo "2122"]
[PlyCount "86"]
[EventDate "2014.01.10"]

1. e4 d6 2. d4 Nf6 3. Nc3 g6 4. g3 Bg7 5. Bg2 O-O 6. h3 Nc6 7. Nge2 e5 8. O-O
exd4 9. Nxd4 Nxe4 10. Nxc6 Nxc3 11. bxc3 bxc6 12. Rb1 Bd7 13. c4 Rb8 14. Be3
Rxb1 15. Qxb1 Qb8 16. Qb3 c5 17. h4 h5 18. Rd1 Be6 19. Bd5 Bxd5 20. cxd5 Qb4
21. Qxb4 cxb4 22. Bxa7 Ra8 23. Bd4 Rxa2 24. Bxg7 Kxg7 25. Rd4 Rxc2 26. Rxb4 Kf6
27. Rf4+ Kg7 28. Re4 Rc5 29. Rd4 f5 30. f4 Kf6 31. Rd3 c6 32. dxc6 Rxc6 33. Kf2
Ke6 34. Ke3 d5 35. Ra3 Kd6 36. Kd3 Rb6 37. Kd4 Rb4+ 38. Kd3 Kc5 39. Rc3+ Rc4
40. Rb3 d4 41. Ra3 Kd5 42. Ra5+ Rc5 43. Ra3 Rc3+ 0-1

[Event "Novi Sad chess winter "]
[Site "Novi Sad"]
[Date "2014.01.12"]
[Round "4.8"]
[White "Farkas, Sandor I"]
[Black "Popovic, Milan S"]
[Result "1/2-1/2"]
[WhiteElo "1874"]
[BlackElo "2185"]
[PlyCount "24"]
[EventDate "2014.01.10"]

1. e4 c5 2. Nf3 d6 3. d4 cxd4 4. Qxd4 a6 5. Be3 Nc6 6. Qd2 Nf6 7. Nc3 e6 8.
O-O-O Qc7 9. Bf4 e5 10. Bg5 Be6 11. Bxf6 gxf6 12. Nd5 Qd8 1/2-1/2

[Event "Novi Sad chess winter "]
[Site "Novi Sad"]
[Date "2014.01.12"]
[Round "4.9"]
[White "Marholev, Dimitar"]
[Black "Cengija, Vanja"]
[Result "1/2-1/2"]
[WhiteElo "2321"]
[BlackElo "2255"]
[PlyCount "73"]
[EventDate "2014.01.10"]

1. e4 Nf6 2. e5 Nd5 3. d4 d6 4. Nf3 c6 5. h3 dxe5 6. Nxe5 g6 7. Nd2 Bg7 8. Ndf3
O-O 9. Bc4 b5 10. Bb3 Bb7 11. O-O Nd7 12. Nxd7 Qxd7 13. Re1 Rad8 14. a4 a6 15.
Bg5 Rfe8 16. c3 f6 17. Bd2 Kh8 18. Qe2 e6 19. Bc2 Nc7 20. Rad1 Nd5 21. h4 Qf7
22. Bc1 Bf8 23. h5 gxh5 24. Rd3 Bd6 25. Nh4 Bf4 26. Rf3 Bxc1 27. Rxc1 Rg8 28.
Rg3 Nc7 29. Re1 Bc8 30. Be4 Nd5 31. axb5 axb5 32. Bf3 Rxg3 33. fxg3 Qc7 34. Qf2
Qf7 35. Rf1 Rf8 36. Qe2 Qg7 37. Bxd5 1/2-1/2

[Event "Novi Sad chess winter "]
[Site "Novi Sad"]
[Date "2014.01.12"]
[Round "4.10"]
[White "Borbas, Petar"]
[Black "Licina, Zoran"]
[Result "0-1"]
[WhiteElo "1775"]
[BlackElo "2233"]
[PlyCount "154"]
[EventDate "2014.01.10"]

1. d4 Nf6 2. Nf3 g6 3. c4 Bg7 4. Nc3 O-O 5. e4 d6 6. Be3 Nbd7 7. Bd3 e5 8. d5
Nh5 9. O-O Nf4 10. Bc2 Nb6 11. b3 Bg4 12. h3 Bd7 13. Kh2 Nc8 14. Rc1 Ne7 15.
Ne2 Nxe2 16. Qxe2 f5 17. g3 fxe4 18. Bxe4 Nf5 19. Bg5 Qe8 20. g4 Ne7 21. Qe3
Kh8 22. Nh4 Ng8 23. Qd3 Nf6 24. Bxg6 hxg6 25. Nxg6+ Kg8 26. Nxf8 Qxf8 27. Qg6
Be8 28. Qf5 Bd7 29. Qg6 Be8 30. Qc2 Nh7 31. Be3 Qf3 32. Qd1 Qxd1 33. Rcxd1 Bg6
34. f4 exf4 35. Bxf4 b6 36. g5 Nf8 37. Rde1 Re8 38. Rxe8 Bxe8 39. Re1 Bh5 40.
Re7 Ng6 41. Rxc7 Nxf4 42. Rxa7 Be5 43. h4 Nxd5+ 44. Kh3 Nf4+ 45. Kg3 Nd3+ 46.
Kh3 Bf3 47. h5 Bxh5 48. Kh4 Bf3 49. a4 Bc3 50. g6 Bf6+ 51. Kg3 Bd1 52. a5 bxa5
53. Rxa5 Bxb3 54. Kg4 Bxc4 55. Kf5 Bd4 56. Ke4 Bc5 57. Kf5 Ne5 58. Kf6 Nd7+ 59.
Ke7 Nf8 60. Kf6 Bd4+ 61. Kg5 Kg7 62. Ra4 Bf6+ 63. Kf4 Be6 64. Ke4 Nxg6 65. Ke3
Ne5 66. Kd2 Bg5+ 67. Kc3 Kf6 68. Ra6 d5 69. Kc2 Nc4 70. Kd1 Ke5 71. Ke2 Bf5 72.
Ra2 Ke4 73. Ke1 Bh4+ 74. Kf1 Bh3+ 75. Ke2 Bg4+ 76. Kf1 d4 77. Rh2 Bg3 0-1

[Event "Novi Sad chess winter "]
[Site "Novi Sad"]
[Date "2014.01.12"]
[Round "4.11"]
[White "Mladenovic, Aleksandar D"]
[Black "Babic, Radoslav"]
[Result "0-1"]
[WhiteElo "1959"]
[BlackElo "2188"]
[PlyCount "56"]
[EventDate "2014.01.10"]

1. d4 Nf6 2. c4 e6 3. Nc3 Bb4 4. Qc2 c5 5. e3 b6 6. Bd2 Bb7 7. f3 O-O 8. Bd3
cxd4 9. exd4 Nc6 10. Nge2 Bxc3 11. Bxc3 d5 12. cxd5 Qxd5 13. O-O Rac8 14. Qd2
Rfd8 15. Rfd1 Qh5 16. Rac1 Qh4 17. b3 Nd5 18. Bb2 Ndb4 19. Bb1 Ba6 20. Ng3 Nxd4
21. Rxc8 Bxc8 22. Qxb4 Nxf3+ 23. Kf2 Rxd1 24. Be4 Rd2+ 25. Kxf3 Rxb2 26. Bxh7+
Qxh7 27. Qd4 Bb7+ 28. Ke3 Qh6+ 0-1

[Event "Novi Sad chess winter "]
[Site "Novi Sad"]
[Date "2014.01.12"]
[Round "4.13"]
[White "Putnik, Milan"]
[Black "Mladenovic, Dusan"]
[Result "1/2-1/2"]
[WhiteElo "1750"]
[BlackElo "2114"]
[PlyCount "56"]
[EventDate "2014.01.10"]

1. d4 Nf6 2. c4 c5 3. d5 b5 4. cxb5 a6 5. Nc3 Bb7 6. e4 Qa5 7. Bd2 axb5 8. Nxb5
Qb6 9. Bd3 Nxe4 10. Bxe4 Qxb5 11. b3 d6 12. Nf3 Nd7 13. Qc2 Ba6 14. Bf4 Nf6 15.
O-O-O g6 16. Rhe1 Bg7 17. Bxd6 c4 18. Bxe7 Kd7 19. Bf5+ Kc7 20. d6+ Kb7 21.
Bxf6 Bxf6 22. Be4+ Kb6 23. Bxa8 Rxa8 24. d7 Qc5 25. Re8 Rd8 26. bxc4 Bxc4 27.
Rxd8 Qa3+ 28. Kd2 Qb4+ 1/2-1/2

[Event "Novi Sad chess winter "]
[Site "Novi Sad"]
[Date "2014.01.12"]
[Round "4.14"]
[White "Ratic, Zoran"]
[Black "Aleksic, Zvonimir"]
[Result "1-0"]
[WhiteElo "1938"]
[BlackElo "1936"]
[PlyCount "67"]
[EventDate "2014.01.10"]

1. e4 e5 2. Nf3 Nf6 3. Nc3 Bb4 4. d3 O-O 5. Bg5 h6 6. Bh4 c6 7. a3 Bd6 8. Qd2
Re8 9. Be2 Bc7 10. g4 d5 11. g5 hxg5 12. Qxg5 Nh7 13. Qg3 f6 14. Rg1 Re7 15.
O-O-O d4 16. Nb1 Nd7 17. Qg6 Ndf8 18. Qh6 Kh8 19. Bxf6 gxf6 20. Rg3 Qe8 21. Nh4
Be6 22. Rdg1 Qd7 23. Bh5 b5 24. Bg6 Rg7 25. Bxh7 Rxg3 26. Bf5+ Nh7 27. Rxg3
Bxf5 28. exf5 Rg8 29. Ng6+ Rxg6 30. Qxg6 Ng5 31. Qxf6+ Qg7 32. Qxg7+ Kxg7 33.
Rxg5+ Kf6 34. h4 1-0

[Event "Novi Sad chess winter "]
[Site "Novi Sad"]
[Date "2014.01.12"]
[Round "4.15"]
[White "Vucurovic, Nebojsa"]
[Black "Vukovic, Cvetko"]
[Result "1-0"]
[WhiteElo "2016"]
[BlackElo "1801"]
[PlyCount "87"]
[EventDate "2014.01.10"]

1. e4 e5 2. Nc3 Nf6 3. f4 d6 4. Nf3 Qe7 5. Bc4 h6 6. O-O c6 7. d4 b5 8. fxe5
dxe5 9. Bb3 b4 10. dxe5 Qc5+ 11. Qd4 Ng4 12. Na4 Qxd4+ 13. Nxd4 Nxe5 14. Bf4
Nbd7 15. Nf3 Ng6 16. Be3 Be7 17. Rf2 O-O 18. Raf1 Ba6 19. Rd1 Nf6 20. Nd2 Ng4
21. Rf3 Be2 22. Rdf1 N6e5 23. Rg3 Bxf1 24. Nxf1 Bh4 25. Rh3 g5 26. g3 Nf3+ 27.
Kg2 Ne1+ 28. Kh1 Rad8 29. gxh4 gxh4 30. Rxh4 Nxe3 31. Nxe3 Rd2 32. c3 bxc3 33.
Nxc3 Rxb2 34. Nf5 Rf2 35. Nxh6+ Kg7 36. Nf5+ Kf6 37. Kg1 Rf3 38. Ne2 Kg5 39.
Neg3 Rxf5 40. Rh5+ Kg4 41. Rxf5 Nf3+ 42. Kf2 Nxh2 43. Bxf7 Rd8 44. Bh5+ 1-0

[Event "Novi Sad chess winter "]
[Site "Novi Sad"]
[Date "2014.01.12"]
[Round "4.16"]
[White "Radulovic, Bojan"]
[Black "Jevtic, Miroljub"]
[Result "1-0"]
[WhiteElo "2235"]
[BlackElo "2073"]
[PlyCount "121"]
[EventDate "2014.01.10"]

1. e4 e5 2. Nf3 Nc6 3. Bb5 Nf6 4. O-O Bc5 5. Re1 O-O 6. h3 d6 7. c3 a6 8. Ba4
b5 9. Bc2 h6 10. d4 Bb6 11. a4 Bb7 12. Na3 Re8 13. d5 Na7 14. b3 c5 15. Bd3
bxa4 16. bxa4 Ba5 17. Bd2 Nc8 18. Nc4 Ne7 19. Nh2 Ng6 20. g3 Bc8 21. h4 h5 22.
Nf1 Rb8 23. Nfe3 Bc7 24. Qc2 Ng4 25. Ng2 Ne7 26. f3 Nh6 27. Rab1 Rxb1 28. Rxb1
Rf8 29. Rf1 Ng6 30. f4 exf4 31. Nxf4 Ng4 32. Nxg6 fxg6 33. Rxf8+ Kxf8 34. Bg5
Qd7 35. Qd1 Kg8 36. Bf4 Nf6 37. a5 Qe7 38. Bg5 Qe8 39. Qb1 Qd7 40. Bf4 Qe7 41.
Bg5 Qd8 42. Nb6 Qf8 43. Bf4 Bg4 44. Nc4 Qe7 45. Nd2 Bxa5 46. Qa1 Qd8 47. Nc4
Bc7 48. Qxa6 Bf3 49. Nd2 Bg4 50. Qa2 Bc8 51. Qa8 Kh7 52. Nf3 Ne8 53. Ng5+ Kg8
54. Bb5 Nf6 55. Bc4 Kf8 56. Ba6 Bxa6 57. Ne6+ Ke7 58. Nxd8 Bxd8 59. Bxd6+ Kxd6
60. Qxd8+ Nd7 61. e5+ 1-0

[Event "Novi Sad chess winter "]
[Site "Novi Sad"]
[Date "2014.01.12"]
[Round "5.1"]
[White "Babic, Radoslav"]
[Black "Trajkovic, Aleksandar"]
[Result "1-0"]
[WhiteElo "2188"]
[BlackElo "2197"]
[PlyCount "101"]
[EventDate "2014.01.10"]

1. Nf3 Nf6 2. c4 g6 3. Nc3 Bg7 4. d4 O-O 5. Bg5 d6 6. e3 c6 7. Be2 Qc7 8. Qb3
Nbd7 9. O-O b6 10. Rfd1 h6 11. Bh4 Re8 12. Rac1 e5 13. dxe5 dxe5 14. Qc2 Nc5
15. Bxf6 Bxf6 16. b4 Ne6 17. Ne4 Be7 18. c5 b5 19. Nd6 Rd8 20. Qd3 Bf6 21. Qe4
Bd7 22. Nxe5 Ng5 23. Qf4 Bxe5 24. Qxe5 Be6 25. h4 Nh7 26. a3 a5 27. h5 Nf8 28.
Rd4 axb4 29. axb4 Qe7 30. hxg6 Nxg6 31. Qh5 Qg5 32. Qh2 Kg7 33. f4 Qf6 34. Bf3
Ra3 35. f5 Rxe3 36. Rcd1 Rxd6 37. Qxd6 Qxf5 38. Bxc6 Ne5 39. Rf1 Qg5 40. Bb7
Re2 41. Qd8 Qe3+ 42. Kh1 Rf2 43. Rdd1 Nd3 44. Qh4 Qe2 45. Qg3+ Kf8 46. Rg1 Qh5+
47. Qh2 Rf5 48. Rxd3 Qe2 49. Qxh6+ Ke7 50. Qh4+ f6 51. Qh7+ 1-0

[Event "Novi Sad chess winter "]
[Site "Novi Sad"]
[Date "2014.01.12"]
[Round "5.2"]
[White "Ljubisavljevic, Zivojin Z"]
[Black "Elez, Nikola"]
[Result "1/2-1/2"]
[WhiteElo "2179"]
[BlackElo "2227"]
[PlyCount "149"]
[EventDate "2014.01.10"]

1. e4 c5 2. f4 d5 3. exd5 Nf6 4. c4 e6 5. dxe6 Bxe6 6. Nf3 Nc6 7. Be2 Bd6 8. d3
Qc7 9. O-O Bxf4 10. Nc3 Rd8 11. Nb5 Qb8 12. Bxf4 Qxf4 13. Qc1 Qxc1 14. Raxc1
O-O 15. Ng5 Bg4 16. Bxg4 Nxg4 17. Ne4 b6 18. Rce1 Rxd3 19. Ng5 f6 20. Ne6 Rf7
21. Ng5 Rf8 22. Ne6 Rc8 23. Rd1 Rxd1 24. Rxd1 Nge5 25. Nd6 Rb8 26. b3 Nd8 27.
Nc7 Ndf7 28. Ndb5 Rc8 29. h3 h5 30. Nd5 Kh7 31. a4 Nc6 32. Nf4 Rd8 33. Rxd8
Nfxd8 34. Nxh5 Ne6 35. Kf2 Ned4 36. Ke3 Nxb3 37. Nf4 f5 38. Kd3 Nbd4 39. Nd5
Kh6 40. Nxd4 Nxd4 41. Ne7 Kh5 42. Nc8 Nc6 43. Ke3 g5 44. Nd6 Kg6 45. g4 f4+ 46.
Ke4 Kf6 47. Kd3 Nb4+ 48. Ke4 Ke6 49. Nf5 Nc6 50. h4 gxh4 51. Nxh4 Ne5 52. Kxf4
Nxc4 53. g5 Nb2 54. a5 bxa5 55. Ke3 a4 56. Kd2 a3 57. Kc2 c4 58. Kb1 c3 59. Nf3
Kd5 60. g6 Ke6 61. Nd4+ Kf6 62. Nc2 Nc4 63. Ka2 Nd2 64. Kxa3 Kxg6 65. Kb4 Nb1
66. Kb3 Kf5 67. Ne1 Ke4 68. Kc2 a5 69. Kxb1 a4 70. Nc2 Kd3 71. Na3 Kd2 72. Nc2
Ke2 73. Na3 Kd3 74. Nc2 Kc4 75. Ka2 1/2-1/2

[Event "Novi Sad chess winter "]
[Site "Novi Sad"]
[Date "2014.01.12"]
[Round "5.5"]
[White "Jakovljevic, Zoran N"]
[Black "Borbas, Petar"]
[Result "1-0"]
[WhiteElo "2122"]
[BlackElo "1775"]
[PlyCount "115"]
[EventDate "2014.01.10"]

1. e4 e5 2. Nf3 Nc6 3. d4 exd4 4. Bc4 Bb4+ 5. c3 dxc3 6. bxc3 Qf6 7. Bg5 Bxc3+
8. Kf1 Bxa1 9. Bxf6 Nxf6 10. Na3 Be5 11. Nb5 O-O 12. Nxe5 Nxe5 13. Nxc7 Rb8 14.
Bd3 d6 15. f3 Be6 16. Nxe6 fxe6 17. Ke2 Nh5 18. Kf2 a6 19. Re1 Nf4 20. Be2 Rfd8
21. g3 Nxe2 22. Rxe2 b5 23. f4 Nc4 24. Rc2 Kf7 25. Qh5+ Kg8 26. Qg4 Re8 27. h4
Rb7 28. h5 h6 29. Qe2 Rc7 30. g4 Rf8 31. Kg3 Rcf7 32. f5 Re8 33. Rxc4 bxc4 34.
Qxc4 exf5 35. exf5 Kf8 36. Qxa6 Rd7 37. Qc6 Red8 38. Qd5 Ra7 39. Kf4 Ra4+ 40.
Kg3 Ra3+ 41. Kh4 Rda8 42. Qxd6+ Ke8 43. Qe6+ Kf8 44. Qd6+ Ke8 45. f6 gxf6 46.
Qe6+ Kf8 47. Qxf6+ Kg8 48. Qg6+ Kh8 49. Qxh6+ Kg8 50. Qg6+ Kh8 51. h6 R3a7 52.
Qf6+ Kg8 53. g5 Rf8 54. Qe6+ Kh8 55. Qe5+ Kh7 56. Kh5 Rfa8 57. g6+ Kg8 58. h7+
1-0

[Event "Novi Sad chess winter "]
[Site "Novi Sad"]
[Date "2014.01.12"]
[Round "5.6"]
[White "Licina, Zoran"]
[Black "Simeunovic, Predrag"]
[Result "1-0"]
[WhiteElo "2233"]
[BlackElo "2135"]
[PlyCount "91"]
[EventDate "2014.01.10"]

1. e4 c5 2. Nf3 Nc6 3. Bb5 Qc7 4. O-O e6 5. c3 a6 6. Ba4 b5 7. Bc2 e5 8. d4 d6
9. a4 Rb8 10. h3 Be7 11. Nbd2 Bf6 12. axb5 axb5 13. dxc5 dxc5 14. Nb3 Be7 15.
Be3 c4 16. Nc5 Nf6 17. Na6 Bxa6 18. Rxa6 Rd8 19. Qe2 Nd7 20. b4 O-O 21. Rfa1 h6
22. h4 Rb8 23. g3 Rfe8 24. Nh2 Nf6 25. Ng4 Qd7 26. Nxf6+ Bxf6 27. Qf3 Bd8 28.
Qf5 Re6 29. Qf3 Rf6 30. Qd1 Rd6 31. Qf1 Rg6 32. Kh2 Qg4 33. Qd1 Qc8 34. R6a2
Be7 35. Qh5 Qe6 36. Qf5 Qd6 37. Rd1 Qc7 38. Rd7 Qc8 39. Bd1 Rf6 40. Qh3 Bxb4
41. cxb4 Nxb4 42. Raa7 Nd3 43. Rdc7 Qxh3+ 44. Kxh3 Nxf2+ 45. Bxf2 Rxf2 46. Bg4
1-0

[Event "Novi Sad chess winter "]
[Site "Novi Sad"]
[Date "2014.01.12"]
[Round "5.7"]
[White "Popovic, Milan S"]
[Black "Ratic, Zoran"]
[Result "1-0"]
[WhiteElo "2185"]
[BlackElo "1938"]
[PlyCount "41"]
[EventDate "2014.01.10"]

1. e4 c5 2. Nf3 Nc6 3. Bb5 Qc7 4. O-O g6 5. c3 Bg7 6. d4 cxd4 7. cxd4 a6 8.
Bxc6 dxc6 9. h3 Nf6 10. Nc3 O-O 11. Bg5 b5 12. Re1 Bb7 13. e5 Nd7 14. Bxe7 Rfe8
15. Bd6 Qa5 16. Ng5 h6 17. Nge4 b4 18. Na4 Rad8 19. Qb3 Bf8 20. Bxf8 Kxf8 21.
Nd6 1-0

[Event "Novi Sad chess winter "]
[Site "Novi Sad"]
[Date "2014.01.12"]
[Round "5.8"]
[White "Simovic, Zarko"]
[Black "Farkas, Sandor I"]
[Result "1-0"]
[WhiteElo "1946"]
[BlackElo "1874"]
[PlyCount "139"]
[EventDate "2014.01.10"]

1. d4 Nf6 2. c4 g6 3. Nc3 Bg7 4. e4 d6 5. Nf3 O-O 6. Be2 e5 7. d5 Na6 8. O-O
Nc5 9. Qc2 a5 10. Be3 b6 11. a3 Ng4 12. Bg5 f6 13. Bd2 f5 14. Bg5 Nf6 15. Nd2
h6 16. Bxf6 Qxf6 17. b4 axb4 18. axb4 Rxa1 19. Rxa1 Na6 20. Qb3 f4 21. f3 g5
22. c5 g4 23. Bxa6 gxf3 24. Nxf3 Bg4 25. Be2 Qg6 26. Kf2 h5 27. c6 Bf6 28. Qc2
h4 29. Qd3 Kh7 30. Ra7 Rg8 31. Rxc7+ Kh8 32. Ra7 h3 33. g3 fxg3+ 34. hxg3 Bh5
35. Nh2 Bh4 36. Bxh5 Bxg3+ 37. Ke2 Qxh5+ 38. Qf3 Qh4 39. Nf1 Bf4 40. Ne3 Bxe3
41. Qxe3 h2 42. Ra1 Rg2+ 43. Kd3 Rg3 44. c7 Rxe3+ 45. Kxe3 Qh3+ 46. Kd2 Kg7 47.
Nb5 Qg2+ 48. Kc3 Qf3+ 49. Kb2 Qe2+ 50. Kb3 Qd3+ 51. Nc3 Qh3 52. Kc4 Qd7 53. Nb5
Kg6 54. Rh1 Qh3 55. Nxd6 Qg2 56. Rxh2 Qxh2 57. c8=Q Qe2+ 58. Kb3 Qd3+ 59. Qc3
Qd1+ 60. Ka3 Qf1 61. Qxe5 Qd3+ 62. Ka2 Qc2+ 63. Ka3 Qd3+ 64. Ka4 Qa6+ 65. Kb3
Qd3+ 66. Qc3 Qb1+ 67. Ka3 Qf1 68. Nf5 Qa6+ 69. Kb3 Qe2 70. Qg7+ 1-0

[Event "Novi Sad chess winter "]
[Site "Novi Sad"]
[Date "2014.01.12"]
[Round "5.9"]
[White "Lukajic, Bojan"]
[Black "Putnik, Milan"]
[Result "1-0"]
[WhiteElo "2200"]
[BlackElo "1750"]
[PlyCount "41"]
[EventDate "2014.01.10"]

1. e4 c5 2. Nf3 d6 3. d4 cxd4 4. Nxd4 g6 5. Nc3 Bg7 6. Be3 Nf6 7. f3 a6 8. Bc4
O-O 9. Qd2 Bd7 10. h4 b5 11. Bb3 h5 12. g4 hxg4 13. h5 b4 14. Nd5 Nxh5 15. Rxh5
gxh5 16. O-O-O Nc6 17. Nxc6 Bxc6 18. Bh6 e6 19. Bxg7 Kxg7 20. Nf4 Qg5 21. Nxe6+
1-0

[Event "Novi Sad chess winter "]
[Site "Novi Sad"]
[Date "2014.01.12"]
[Round "5.10"]
[White "Jevtic, Miroljub"]
[Black "Drazic, Sinisa"]
[Result "0-1"]
[WhiteElo "2073"]
[BlackElo "2421"]
[PlyCount "142"]
[EventDate "2014.01.10"]

1. d4 Nf6 2. Nf3 d6 3. h3 c5 4. c3 Qc7 5. Nbd2 Nc6 6. e3 e6 7. Bb5 Bd7 8. O-O
Be7 9. Re1 O-O 10. e4 cxd4 11. cxd4 Nb4 12. Bc4 b5 13. Bb3 Rfc8 14. e5 Nfd5 15.
Ne4 dxe5 16. dxe5 Nc2 17. Bxc2 Qxc2 18. a3 h6 19. Qxc2 Rxc2 20. Nd4 Rc4 21. Rd1
a5 22. b3 Rc7 23. Bb2 a4 24. b4 Nb6 25. Nd2 Bg5 26. N4f3 Be7 27. Rac1 Rac8 28.
Rxc7 Rxc7 29. Rc1 Rxc1+ 30. Bxc1 Kf8 31. g3 Ke8 32. Nd4 Kd8 33. Ne4 Kc7 34. Nc3
Nc4 35. f4 Kb6 36. Kf2 f6 37. Be3 Ka6 38. exf6 gxf6 39. Nc2 f5 40. Bd4 h5 41.
Ke2 Bc6 42. h4 Bd6 43. Bc5 Bc7 44. Nd4 Bd7 45. Nc2 Bb8 46. Kd3 e5 47. Nxa4 exf4
48. gxf4 Bxf4 49. Bd4 bxa4 50. Kxc4 Bb5+ 51. Kc5 Bg3 52. Ne3 Bxh4 53. Nxf5 Bd8
54. Kd5 h4 55. Be5 h3 56. Ke4 Bg5 57. Nd4 Bc1 58. Nc2 Bc6+ 59. Kd3 Be8 60. Kc4
Bb5+ 61. Kc3 Bd7 62. Kc4 Bb2 63. Bh2 Bb5+ 64. Kc5 Bd3 65. Ne1 Be4 66. b5+ Kb7
67. Kb4 Bc1 68. Kc4 Bxa3 69. Kd4 Bb4 70. Kxe4 Bxe1 71. Kf3 a3 0-1